Central Library OPAC University of Rajshahi

Scientific uncertainty and information / (Record no. 51743)

MARC details
000 -LEADER
fixed length control field 00682nam a2200229 a 4500
001 - CONTROL NUMBER
control field 51743
003 - CONTROL NUMBER IDENTIFIER
rucl marc code BD-RjUL
005 - DATE AND TIME OF LATEST TRANSACTION
control field 20211209075716.0
008 - FIXED-LENGTH DATA ELEMENTS--GENERAL INFORMATION
fixed length control field 160901s1964 enka b 001 0 eng
035 ## - SYSTEM CONTROL NUMBER
System control number (BD-RjUL)51863
040 ## - CATALOGING SOURCE
Original cataloging agency DLC
Transcribing agency OYU
Modifying agency OCoLC
-- Uk
-- DLC
-- BD-RjUL
Language of cataloging eng
041 ## - LANGUAGE CODE
Language code of text/sound track or separate title eng
082 ## - DEWEY DECIMAL CLASSIFICATION NUMBER
Classification number 003.54
Edition number 23
Author mark and year BRS 1964
100 10 - MAIN ENTRY--PERSONAL NAME
Personal name Brillouin, Léon
Dates associated with a name 1889-
9 (RLIN) 154732
245 10 - TITLE STATEMENT
Title Scientific uncertainty and information /
Statement of responsibility, etc. Léon Brillouin
260 ## - PUBLICATION, DISTRIBUTION, ETC. (IMPRINT)
Place of publication, distribution, etc. New York ;
Name of publisher, distributor, etc. Academic Press,
Date of publication, distribution, etc. c1964.
300 ## - PHYSICAL DESCRIPTION
Pagination xiv, 164 p. :
Illustrations ill. ;
Size 24 cm.
500 ## - GENERAL NOTE
General note Include index
650 #0 - SUBJECT ADDED ENTRY--TOPICAL TERM
Topical term or geographic name as entry element Information theory
General subdivision Philosophy.
9 (RLIN) 154733
942 ## - ADDED ENTRY ELEMENTS (KOHA)
Source of classification or shelving scheme Dewey Decimal Classification
Koha item type Books
Holdings
Lost status Source of classification or shelving scheme Damaged status Not for loan Collection code Permanent Location Current Location Shelving location Date acquired Source of acquisition Cost, normal purchase price Total Checkouts Full call number Date last seen Copy number Koha item type
  Dewey Decimal Classification     Non-fiction Central Library, University of Rajshahi Central Library, University of Rajshahi   10/11/1963 Zeit. 52.00   003.54 BRS 1964 01/09/2016 C-2 Books